Central Library OPAC University of Rajshahi
Normal view MARC view

Entry Personal Name

Number of records used in: 1

001 - CONTROL NUMBER

  • control field: 12283

003 - CONTROL NUMBER IDENTIFIER

  • control field: BD-RjUL

005 - DATE AND TIME OF LATEST TRANSACTION

  • control field: 20240313113758.0

008 - FIXED-LENGTH DATA ELEMENTS

  • fixed length control field: 240313|| aca||aabn | a|a d

040 ## - CATALOGING SOURCE

  • Original cataloging agency: BD-RjUL
  • Transcribing agency: BD-RjUL

100 ## - HEADING--PERSONAL NAME

  • Personal name: Sarker, Prafulla C, Co-Supervisor

670 ## - SOURCE DATA FOUND

  • Source citation: Work cat.: (BD-RjUL)83341: Ferdous, Zannatul 12280, Floating Prostitutes and the Risk of HIV/AIDS :, 2010